Romper las defensas presionantes
محفوظ في:
| المؤلف الرئيسي: | |
|---|---|
| التنسيق: | كتاب |
| اللغة: | الإسبانية |
| منشور في: |
Barcelona
Paidotribo
2004
|
| الطبعة: | 1a. ed |
| الموضوعات: | |
| الوسوم: |
إضافة وسم
لا توجد وسوم, كن أول من يضع وسما على هذه التسجيلة!
|
MARC
| LEADER | 00000nam a2200000 a 4500 | ||
|---|---|---|---|
| 001 | UCL8640 | ||
| 003 | CL-VaPUC | ||
| 008 | 040702e20040000SP |||||||||||||||||spa|d | ||
| 020 | |a 848019751X | ||
| 082 | 0 | 4 | |a 796.323 |b HUG |2 21 |
| 100 | 0 | |a Huggins, Bob |e author |9 486577 | |
| 245 | 1 | 0 | |a Romper las defensas presionantes |
| 250 | |a 1a. ed | ||
| 300 | |a 111 p | ||
| 942 | |c BK | ||
| 945 | |d 20040702 00:00:00 |a cmena | ||
| 260 | |a Barcelona |b Paidotribo |c 2004 | ||
| 650 | 7 | |a BASQUETBOL |2 CL-VaPUC |9 486578 | |
| 650 | 7 | |a ENTRENAMIENTO ATLETICO |2 CL-VaPUC |9 486579 | |
| 583 | |a last modification |c 20040702 00:00:00 |k Rodrigo Vera | ||
| 999 | |c 309840 |d 309838 | ||
| 952 | |0 0 |1 0 |4 0 |6 796_323000000000000_HUG_2004 |7 0 |8 A |9 377610 |a BIBEDU |b BIBEDU |d 2019-11-21 |i 4030850 |o 796.323 HUG 2004 |p 4030850 |r 2023-08-09 |w 2019-11-21 |y BK |k EFI | ||
| 952 | |0 0 |1 0 |4 0 |6 796_323000000000000_HUG_2004 |7 0 |8 C |9 377611 |a BIBCUR |b BIBCUR |d 2019-11-21 |i 4709241 |o 796.323 HUG 2004 |p 4709241 |r 2025-04-22 |w 2019-11-21 |y BK |k DEN | ||